<?xml version="1.0" encoding="UTF-8"?><?xml-stylesheet type="text/xsl" href="static/style.xsl"?><OAI-PMH xmlns="http://www.openarchives.org/OAI/2.0/" xmlns:xsi="http://www.w3.org/2001/XMLSchema-instance" xsi:schemaLocation="http://www.openarchives.org/OAI/2.0/ http://www.openarchives.org/OAI/2.0/OAI-PMH.xsd"><responseDate>2026-04-17T04:02:14Z</responseDate><request verb="GetRecord" identifier="oai:riubu.ubu.es:10259/10870" metadataPrefix="marc">https://riubu.ubu.es/oai/request</request><GetRecord><record><header><identifier>oai:riubu.ubu.es:10259/10870</identifier><datestamp>2025-09-16T00:05:36Z</datestamp><setSpec>com_10259_9397</setSpec><setSpec>com_10259_5087</setSpec><setSpec>com_10259_2728</setSpec><setSpec>col_10259_9398</setSpec></header><metadata><record xmlns="http://www.loc.gov/MARC21/slim" xmlns:doc="http://www.lyncode.com/xoai" xmlns:xsi="http://www.w3.org/2001/XMLSchema-instance" xmlns:dcterms="http://purl.org/dc/terms/" xsi:schemaLocation="http://www.loc.gov/MARC21/slim http://www.loc.gov/standards/marcxml/schema/MARC21slim.xsd">
<leader>00925njm 22002777a 4500</leader>
<datafield tag="042" ind1=" " ind2=" ">
<subfield code="a">dc</subfield>
</datafield>
<datafield tag="720" ind1=" " ind2=" ">
<subfield code="a">Díez Carretero, Paula</subfield>
<subfield code="e">author</subfield>
</datafield>
<datafield tag="520" ind1=" " ind2=" ">
<subfield code="a">Wheat bran and onion skin waste are agri-food by-products generated in large quantities&#xd;
annually. Their valorization represents an important opportunity, linked to sustainability, for&#xd;
obtaining bioactive compounds with beneficial properties. These by-products are notable for&#xd;
their high content of bioactive compounds, specifically phenolic compounds, among which&#xd;
quercetin and ferulic acid stand out for their antioxidant activity. The main aim of this work has&#xd;
been to study the technical feasibility of a combined ultrasound-assisted extraction (UAE) /&#xd;
nanofiltration (NF) process for the recovery of phenolic compounds present in wheat bran and&#xd;
onion skin wastes generated as by-products in local food companies.&#xd;
UAE was firstly performed for the extraction of polyphenols from wheat bran (WB) and onion&#xd;
skin waste (OSW) using an acetate buffer at pH 5 and an aqueous ethanol solution (70 vol.&#xd;
%) as solvents, respectively, under the optimum operating conditions. A final WB extract was&#xd;
obtained with a total polyphenol content (TPC) of 3.56 ± 0.18 mg GAE/g WB and an antioxidant&#xd;
activity (AA) of 7.75 ± 1.20 µmol Fe2+/g WB. An OSW extract was also obtained, with a TPC of&#xd;
44.47 ± 0.83 mg GAE/g OSW, a total flavonoid concentration (TFC) of 19.22 ± 0.35 mg QE/g&#xd;
OSW, and an AA of 28.38 ± 2.70 mg Trolox/g OSW. Ferulic acid is the main component of&#xd;
wheat bran extract, while quercetin and its glycosylated derivatives are the main components&#xd;
of onion skin extract.&#xd;
Both extracts were then concentrated by nanofiltration (NF) in a high pressure stirred cell,&#xd;
using a NF270 flat polyamide membrane (270 Da cut-off), under optimal operating conditions&#xd;
reaching a volume concentration ratio (VCR) of 5 after 7,5 and 1,8 h for WB and OSW extracts,&#xd;
respectively, with minimal loss of polyphenols in the permeates and recoveries of AA, TPC,&#xd;
and TFC in the concentrates higher than 99% in all cases.&#xd;
The results obtained in this study could contribute to the valorization of agri-food waste using&#xd;
environmentally friendly techniques, demonstrating the potential o</subfield>
</datafield>
<datafield tag="024" ind2=" " ind1="8">
<subfield code="a">https://hdl.handle.net/10259/10870</subfield>
</datafield>
<datafield ind1=" " ind2=" " tag="653">
<subfield code="a">Wheat bran</subfield>
</datafield>
<datafield ind1=" " ind2=" " tag="653">
<subfield code="a">Onion skin waste</subfield>
</datafield>
<datafield ind1=" " ind2=" " tag="653">
<subfield code="a">Polyohenols</subfield>
</datafield>
<datafield ind1=" " ind2=" " tag="653">
<subfield code="a">Ultrasound-assisted extraction</subfield>
</datafield>
<datafield ind1=" " ind2=" " tag="653">
<subfield code="a">Nanofiltration</subfield>
</datafield>
<datafield ind1=" " ind2=" " tag="653">
<subfield code="a">Antioxidant activity</subfield>
</datafield>
<datafield ind1=" " ind2=" " tag="653">
<subfield code="a">Flavonoids</subfield>
</datafield>
<datafield ind1=" " ind2=" " tag="653">
<subfield code="a">Ferulic acid</subfield>
</datafield>
<datafield ind1=" " ind2=" " tag="653">
<subfield code="a">Quercetin</subfield>
</datafield>
<datafield tag="245" ind1="0" ind2="0">
<subfield code="a">Recuperación de polifenoles presentes en salvado de trigo y piel de cebolla mediante un proceso combinado de extracción asistida por ultrasonidos y nanofiltración</subfield>
</datafield>
</record></metadata></record></GetRecord></OAI-PMH>